00927nam a2200229 a 4500001001000000003000500010005001700015008004100032010001100073011001100084040000900095100003100104245015200135260004100287500006000328502012500388650002500513650002700538650002600565650003600591856007000627000115843CHAP20220329144551.0190715s2019 mx a sm |||||||spa d a112304 a113276 cCHAP1 aLopez Lazaro, Diana laura.10aProductividad de caliz de jamaica (Hibiscus sabdariffa L.) en respuesta a reguladores de crecimiento /h[En línea]cpor Diana Laura Lopez Lazaro. aChapingo, Méx. :bEl autor,c2019. aPara ver el contenido del material haga clic en la liga aTesis (Ing. Agr. Fitotecnista) -- Colegio Superior Agropecuario del Estado de Guerrero. Centro de EStudios Profesionales14aJamaicaxGenética.14aJamaicaxProducción.14aJamaicaxRendimiento.14aPlantasxCrecimientoxAditivos. aFinding aiduhttp://10.13.5.2/tesis/sist115843.pdfzTeclea aquí